Statistics for Middle Eastern Geography By Letter - G

Click here to take the quiz!

General Stats

  • This quiz has been taken 77 times
  • The average score is 9 of 20

Answer Stats

ClueAnswer% Correct
Western part PalestineGaza Strip
95%
One of official languages of CyprusGreek
87%
World Wonder: Hanging ______ of BabylonGardens
86%
Persian, Aden, Oman etc.Gulfs
84%
Lake Jesus walked onGalilee
83%
Third-biggest city in EgyptGiza
81%
Muscat is also a type of this fruitGrape
68%
Syrian territory controlled by IsraelGolan Heights
62%
Nose-less statue in ^Great Sphinx
54%
Country associated with Middle EastGeorgia
52%
Major Turkish city near SyriaGaziantep
40%
National animal of the Iraqi KurdistanGoat
35%
National animal of PalestineGazelle
19%
Persepolis landmark: ____ of All NationsGate
10%
Native language of ^Gilaki
5%
Its name means "Land of flowers"Golestan
5%
Name for the Arab subdivisionsGovernorates
3%
Tanta is it's provincial capitalGharbia
3%
Western province of Iran by the CaspianGilan
3%
Turkish province by the Black SeaGiresun
2%

Score Distribution

Percentile by Number Answered

Percent of People with Each Score

Your Score History

You have not taken this quiz